LEADER 01284nam a2200313 u 4500 001 000000044823 003 CaOOAMICUS 005 20070226114607.0 008 990510s1993 it u000 u ita u 020 $a8838236992 035 $a10822702 040 $aPUL(R)$bita$dPUL(R) 100 1 $aVecchio, Giorgio,$d1950-$0(OLS)http://pul/name/143 245 10$aPacifisti e obiettori nell'Italia di De Gasperi (1948-1953) /$cGiorgio Vecchio. 260 $aRoma :$bEdizioni studium,$c1993. 300 $a348 p. ;$c22 cm 490 1 $aLa cultura ;$v54 500 $aContiene indice. 504 $aBibliografia in nota. 600 14$aDe Gasperi, Alcide,$d1881-1954.$0(OLS)http://pul/subject/5394 650 4$aPacifismo.$0(OLS)http://pul/subject/7025 830 0$aCultura (Edizioni Studium) ;$v54.$0(OLS)http://pul/title/561 850 $aPUL 852 $aPUL$W1$xDP1 Cons. Gen., Altre Classi 1$y22$m45 M 2$j60281$nBK-PRI$b $qStampati$B60281$CPULBib$Z2$F60281 $H $81 941 1 $a8 961 $aINV: 71156 996 $6020$a8838236992$9(OLS)http://pul/number/55910 996 $6245$aPacifisti e obiettori nell'Italia di De Gasperi (1948-1953)$9(OLS)http://pul/title/60446 996 $6260$aRoma :$bEdizioni studium$9(OLS)http://pul/publisher/65883 LEADER 01402nam a2200325 a 4500 001 000000022592 003 CaOOAMICUS 005 20121010135535.0 008 900420s1984 it u000 u ita r 020 $a88-343-2428-5 035 $a10567234 040 $aPUL(R)$bita 100 1 $aPossenti, Vittorio,$d1938-$0(OLS)http://pul/name/1995 245 10$aFelice Balbo e la filosofia dell'essere /$cVittorio Possenti. 260 $a[Milano] :$bVita e pensiero,$c[1984] 300 $a150 p. ;$c19 cm 490 1 $aFilosofia e scienze umane ;$v28 600 14$aBalbo, Felice,$d1913-1964.$0(OLS)http://pul/subject/14122 650 4$aOntologia.$0(OLS)http://pul/subject/4424 830 0$aFilosofia e scienze umane (Vita e pensiero) ;$v28.$0(OLS)http://pul/title/440 850 $aPUL 852 $aPUL$W1$xSL Filosofia 2$y80$mPhil A14 28$j31693$nBK-PRI$b $qStampati altre collocazioni$B31693$CPULBib$Z2$F31693 $H $81 852 $aPUL$W1$xDP1 Fondo E. Rossi$y115$m1 B 17$j6370$qFondi$B150053$CPULBib$Z2$F150053 $82 941 1 $a10 941 1 $a1 961 $aSul dorso collocazione ms. di E. Rossi: B 19 1 996 $6020$a88-343-2428-5$9(OLS)http://pul/number/150863 996 $6245$aFelice Balbo e la filosofia dell'essere$9(OLS)http://pul/title/31479 996 $6260$a[Milano] :$bVita e pensiero$9(OLS)http://pul/publisher/49109